Historia de la sociología /

-д хадгалсан:
Номзүйн дэлгэрэнгүй
Үндсэн зохиолч: Mitchell, G. Duncan (autor)
Формат: Ном
Хэл сонгох:испани
Хэвлэсэн: Madrid, España : Guadarrama, 1973, c1973
Цуврал:(Colección Universitaria de Bolsillo Punto Omega ; 144)
Нөхцлүүд:
Шошгууд: Шошго нэмэх
Шошго байхгүй, Энэхүү баримтыг шошголох эхний хүн болох!

MARC

LEADER 00000nam^a2200000^a^4500
001 000327200
005 20250521000000.0
009 20260310113828.658
020 |a 84-250-2585-0 
020 |a 84-250-0144-7 
025 |a Donación Francisco J. Núñez de la Peña, 1 ejemplar 
037 |a Acervo ITESO - Biblioteca 
041 |a ESP 
082 |a 301. 09  |b MIT V. 1 
100 |a Mitchell, G. Duncan  |e (autor) 
245 1 0 |a Historia de la sociología /  |c G.D. Mitchell ; tr. por Juan José Caballero. 
264 4 |a Madrid, España :  |b Guadarrama,  |c 1973, c1973 
300 |a 344 p. 
336 |a texto  |b txt  |2 rdacontenido 
337 |a sin mediación  |b n  |2 rdamedio 
338 |a volumen  |b nc  |2 rdasoporte 
440 1 |a (Colección Universitaria de Bolsillo Punto Omega ;  |v 144) 
500 |a Traducción de: A Hundred Years of Sociology 
649 |a XX 
650 |a Sociología -  |x Investigación 
650 |a Sociología -  |x Teoría 
650 |a Sociología -  |x Historia -  |x Tema Principal 
650 |a Ciencias Sociales -  |x Teoría 
650 |a Ciencias Sociales -  |x Historia 
910 |a Fondo General 
920 |a Impresos - Libros 
930 |a Colección General 
905 |a 101 
901 |a 0500216039  |b IT1  |c ACC  |i D  |u 20250521 
902 |a https://opac.biblio.iteso.mx/vufind/Record/000327200